000 01068cam a2200289 4500
008 000000n2001 000 0 eng u
020 _a0853085706
035 _a(Sirsi) u109665
050 _a346.410435
100 _aSydenham, Angela
245 _aPublic rights of way and access to land
260 _aBristol
_bJordans
_c2001
300 _axliv,531p. ; 25cm.
350 _a40.00
520 _aSets out the law relating to public rights of way as it has been amended by the Countryside and Rights of Way Act 2000, including creation, extinguishment and diversion, definitive maps and statements, maintenance of highways and management issues.
520 _aSuperseded by second edition (ISBN 085308842X).
650 _aPUBLIC HIGHWAYS
650 _aRIGHTS OF WAY
650 _aDIVERSION ORDERS
650 _aEXTINGUISHMENT ORDERS
650 _aACCESS LAND
650 _aCOUNTRYSIDE AND RIGHTS OF WAY ACT 2000
650 _aHIGHWAYS ACT 1980
650 _aWILDLIFE AND COUNTRYSIDE ACT 1981
690 _aBoundary disputes
_96221
942 _n0
999 _c100969
_d100969